书目信息 |
| 题名: |
朝野新生太平乐府
|
|
| 作者: | 杨朝英 选 | |
| 分册: | ||
| 出版信息: | 北京 中华书局出版社 1958.1 |
|
| 页数: | 371页 | |
| 开本: | 20cm | |
| 丛书名: | ||
| 单 册: | ||
| 中图分类: | I222.6 | |
| 科图分类: | ||
| 主题词: | 诗歌--中国 , 韵文--中国 | |
| 电子资源: | ||
| ISBN: | 7-101-00158-0 | |
| 000 | 00598nam0 2200217 45 | |
| 001 | 0312221749 | |
| 005 | 20040417133218.4 | |
| 010 | @a7-101-00158-0@dCNY2.10 | |
| 091 | @a10018.25 | |
| 100 | @a20031222d1958 km y0chiy0120 ea | |
| 101 | @achi | |
| 105 | @a z 000yy | |
| 200 | 1 | @a朝野新生太平乐府@AChao Ye Xin Sheng Tai Ping Yue Fu@f(元)杨朝英选@F(Yuan)Yang Chao Ying Xuan |
| 210 | @a北京@c中华书局出版社@d1958.1 | |
| 215 | @a371页@d20cm | |
| 606 | 0 | @a诗歌@x中国 |
| 606 | 0 | @a韵文@x中国 |
| 690 | @aI222.6@v3 | |
| 701 | 0 | @a杨朝英@4选 |
| 801 | @aCN@bTSTCL@c20031222 | |
| 905 | @dI222.6@e302 | |
| 朝野新生太平乐府/(元)杨朝英选.-北京:中华书局出版社,1958.1 |
| 371页;20cm |
| ISBN 7-101-00158-0:CNY2.10 |
| ● |
| 相关链接 |
|
|
|
|
正题名:朝野新生太平乐府
索取号:I222.6/302
 
预约/预借
| 序号 | 登录号 | 条形码 | 馆藏地/架位号 | 状态 | 备注 |
| 1 | 0201557 | 000756088 | 密集书库/ [索取号:I222.6/302] | 在馆 | |
| 2 | 0201558 | 000756961 | 第二借阅区/ [索取号:I222.6/302] | 在馆 | |
| 3 | 0201559 | 202084699 | 第一样本阅览室/ [索取号:I222.6/302] | 在馆 |